[Event "0MCR_3DE_2L_3S"]
[Site "?"]
[Date "2003.??.??"]
[Round "?"]
[White "Zednik, Martin"]
[Black "Kural, Jaroslav"]
[Result "1/2-1/2"]
[WhiteElo "1800"]
[BlackElo "2000"]
[PlyCount "72"]
[EventDate "2003.??.??"]
[EventType "corr"]
[EventRounds "2"]
[SourceDate "2004.06.03"]

1. e4 c5 2. Nf3 d6 3. d4 cxd4 4. Nxd4 Nf6 5. Nc3 a6 6. f4 g6 7. Nf3 Bg7 8. Bd3
O-O 9. O-O Nc6 10. Kh1 b5 11. a3 Bb7 12. Be3 d5 13. e5 d4 14. exf6 Bxf6 15.
Nxd4 Nxd4 16. Ne4 Bg7 17. Nc5 Bd5 18. c3 Nb3 19. Nxb3 Bxb3 20. Qe2 e6 21. Rfe1
Qc7 22. Be4 Rad8 23. Qf2 Rd7 24. Kg1 Qc4 25. Bf3 Rc8 26. Rac1 e5 27. fxe5 Bxe5
28. Bb6 f6 29. Re4 Qd3 30. Bg4 Qxe4 31. Bxd7 Rf8 32. Re1 Qd5 33. Bg4 Qd6 34. g3
Re8 35. Bf3 Kg7 36. Be3 Rd8 1/2-1/2

[Event "0MCR_3DE_2L_3S"]
[Site "?"]
[Date "2003.??.??"]
[Round "?"]
[White "Zednik, Martin"]
[Black "Mika, Petr"]
[Result "1-0"]
[WhiteElo "1800"]
[BlackElo "1800"]
[PlyCount "52"]
[EventDate "2003.??.??"]
[EventType "corr"]
[EventRounds "2"]
[SourceDate "2004.06.03"]

1. e4 e6 2. d4 d5 3. Nc3 Bb4 4. e5 Ne7 5. a3 Bxc3+ 6. bxc3 b6 7. Qg4 Ng6 8. h4
h5 9. Qd1 Ba6 10. Bxa6 Nxa6 11. Bg5 Qd7 12. Ne2 Ne7 13. Nf4 g6 14. Bf6 Rh6 15.
Bxe7 Kxe7 16. Qf3 Rah8 17. O-O c5 18. c4 dxc4 19. d5 exd5 20. Nxd5+ Kf8 21.
Rad1 Qf5 22. Qc3 g5 23. Ne3 Qe6 24. hxg5 Rg6 25. f4 Qe8 26. e6 Rh7 1-0

[Event "0MCR_3DE_2L_3S"]
[Site "?"]
[Date "2003.??.??"]
[Round "?"]
[White "Zednik, Martin"]
[Black "Minarik, Petr"]
[Result "0-1"]
[WhiteElo "1800"]
[BlackElo "1800"]
[PlyCount "88"]
[EventDate "2003.??.??"]
[EventType "corr"]
[EventRounds "2"]
[SourceDate "2004.06.03"]

1. e4 c5 2. Nf3 d6 3. d4 cxd4 4. Nxd4 Nf6 5. Nc3 a6 6. f4 e6 7. Qf3 Be7 8. g4
Nc6 9. Nxc6 bxc6 10. g5 Nd7 11. Bg2 Rb8 12. h4 O-O 13. a3 d5 14. h5 d4 15. Ne2
c5 16. h6 g6 17. Ra2 Qb6 18. b3 a5 19. e5 a4 20. Rh3 Rd8 21. Qd3 Ba6 22. Qd1 d3
23. cxd3 axb3 24. Rd2 Qa5 25. Kf2 c4 26. dxc4 Bc5+ 27. Kf1 Bxc4 28. Be4 Bxa3
29. Bxa3 Nc5 30. Bb4 Bxe2+ 31. Kxe2 Qb5+ 32. Bd3 Qxb4 33. Bb1 Qc4+ 34. Ke1 Rd5
35. Rxd5 exd5 36. Qd2 d4 37. Kf2 d3 38. Kg2 b2 39. Rh1 Qe4+ 40. Kh2 Rd8 41. Re1
Qf3 42. e6 Nxe6 43. Ba2 Qxf4+ 44. Qxf4 Nxf4 0-1

[Event "0MCR_3DE_2L_3S"]
[Site "?"]
[Date "2003.??.??"]
[Round "?"]
[White "Zednik, Martin"]
[Black "Portych, Vaclav"]
[Result "1-0"]
[WhiteElo "1800"]
[BlackElo "2060"]
[PlyCount "105"]
[EventDate "2003.??.??"]
[EventType "corr"]
[EventRounds "2"]
[SourceDate "2004.06.03"]

1. e4 c5 2. Nf3 Nc6 3. d4 cxd4 4. Nxd4 Nf6 5. Nc3 e5 6. Ndb5 d6 7. Bg5 a6 8.
Na3 b5 9. Nd5 Be7 10. Bxf6 Bxf6 11. c4 b4 12. Nc2 a5 13. Be2 O-O 14. O-O Be6
15. b3 Bg5 16. a3 bxa3 17. Rxa3 Rb8 18. Qd3 Rb7 19. Rfa1 f5 20. Bf3 Rbf7 21.
Nde3 Bxe3 22. Nxe3 Nd4 23. Nxf5 Bxf5 24. exf5 Nxf3+ 25. Qxf3 Rxf5 26. Qd5+ Kh8
27. f3 Qb6+ 28. Kh1 h6 29. h3 Qf2 30. Rxa5 Rg5 31. R5a2 Qe3 32. b4 e4 33. Qxe4
Qxe4 34. fxe4 Re5 35. Re1 Rc8 36. Rc2 Rce8 37. b5 Rxe4 38. Rxe4 Rxe4 39. g4 Kg8
40. Kg2 Kf7 41. b6 g5 42. Rf2+ Kg7 43. Rb2 Re8 44. Kf3 Kf6 45. b7 Rb8 46. Ke4
Ke6 47. Kd4 Kd7 48. Kd5 Kc7 49. Rb1 Kd7 50. Rf1 Kc7 51. Rf7+ Kb6 52. Kxd6 Rd8+
53. Rd7 1-0

[Event "0MCR_3DE_2L_3S"]
[Site "?"]
[Date "2003.??.??"]
[Round "?"]
[White "Zednik, Martin"]
[Black "Poslusny, Martin"]
[Result "1/2-1/2"]
[WhiteElo "1800"]
[BlackElo "1800"]
[PlyCount "76"]
[EventDate "2003.??.??"]
[EventType "corr"]
[EventRounds "2"]
[SourceDate "2004.06.03"]

1. e4 c5 2. Nf3 d6 3. d4 cxd4 4. Nxd4 g6 5. Nc3 Bg7 6. Be3 Nf6 7. f3 O-O 8. Qd2
Nc6 9. g4 Be6 10. O-O-O Nxd4 11. Bxd4 Qa5 12. a3 Rab8 13. h4 b5 14. Nd5 Qxd2+
15. Rxd2 Bxd5 16. exd5 Rb7 17. Be2 h5 18. g5 Nd7 19. Re1 Rc8 20. c3 a5 21. Kc2
Ne5 22. Bxe5 Bxe5 23. Rf1 Rc5 24. f4 Bg7 25. Kb3 f5 26. Re1 Kf7 27. Bf1 Bh8 28.
Re3 Rb8 29. a4 bxa4+ 30. Kxa4 Kf8 31. Be2 Kf7 32. Bf1 Kf8 33. Be2 Kf7 34. Rg3
Rb7 35. Re3 Rb8 36. Rh3 Kf8 37. Rf3 Kf7 38. Bf1 Kf8 1/2-1/2